| 000 | 00000nam 2200000zi 4500 |
| 001 | 9.874367 |
| 003 | CaOODSP |
| 005 | 20221107164156 |
| 006 | m o d f |
| 007 | cr ||||||||||| |
| 008 | 190606t20202020onc |ob f00| 0 fre d |
| 020 | |a9780660312347 |
| 040 | |aCaOODSP|bfre|erda|cCaOODSP |
| 043 | |an-cn--- |
| 086 | 1 |aH139-2/2019F-PDF |
| 245 | 00|aApporter des produits de santé au Canada pour usage personnel (GUI-0116). |
| 264 | 1|a[Ottawa] : |bSanté Canada = Health Canada, |c2020. |
| 264 | 4|c©2020 |
| 300 | |a1 ressource en ligne (27 pages) |
| 336 | |atexte|btxt|2rdacontent/fre |
| 337 | |ainformatique|bc|2rdamedia/fre |
| 338 | |aressource en ligne|bcr|2rdacarrier/fre |
| 500 | |aPublié aussi en anglais sous le titre : Bringing health products into Canada for personal use (GUI-0116). |
| 500 | |aPublié aussi en format HTML. |
| 500 | |a« Le 21 décembre 2020. » |
| 504 | |aComprend des références bibliographiques (pages 25-27). |
| 520 | |a« Le présent guide décrit les règles d’importation des produits de santé au Canada pour usage personnel, humain et vétérinaire. Les produits de santé comprennent les médicaments sur ordonnance; les médicaments en vente libre; les produits de santé naturels (PSN); les produits de santé animale (PSA); les instruments médicaux; le sang destiné à la transfusion; les cellules, les tissus et les organes humains destinés à la transplantation »--Objet, page 6. |
| 650 | 6|aProduits de santé|zCanada. |
| 650 | 6|aImportations|zCanada. |
| 710 | 1 |aCanada. |bSanté Canada, |eorganisme de publication. |
| 775 | 08|tBringing health products into Canada for personal use (GUI-0116). |w(CaOODSP)9.874365 |
| 856 | 40|qPDF|s381 Ko|uhttps://publications.gc.ca/collections/collection_2021/sc-hc/H139-2-2019-fra.pdf |
| 856 | 4 |qHTML|sS.O.|uhttps://www.canada.ca/fr/sante-canada/services/medicaments-produits-sante/conformite-application-loi/importation-exportation/produits-sante-usage-personnel-ligne-directrice/document.html |
| 986 | |aPub. : 190104 |